[Event "Keres Memorial 34th"]
[Site "New Westminster"]
[Date "2009.05.17"]
[Round "5"]
[White "Wu, Howard"]
[Black "Cadman, Charles"]
[Result "0-1"]
[WhiteElo "2235"]
[BlackElo "2332"]
[PlyCount "74"]
[EventDate "2009.05.15"]
[EventType "swiss"]
[EventRounds "7"]
[EventCountry "CAN"]
[SourceTitle "EXT 2011"]
[Source "ChessBase"]
[SourceDate "2010.11.26"]
[SourceVersion "1"]
[SourceVersionDate "2010.11.26"]
[SourceQuality "1"]

1. e4 c5 2. Nf3 e6 3. c3 Nf6 4. e5 Nd5 5. d4 cxd4 6. cxd4 b6 7. Nc3 Nxc3 8. bxc3 Ba6 9. Bxa6 Nxa6 10. Qd3 Nc7 11. 0-0 Be7 12. Nd2 0-0 13. Ne4 f5 14. exf6 gxf6 15. Bf4 Kh8 16. c4 d5 17. Bxc7 Qxc7 18. cxd5 exd5 19. Ng3 Rac8 20. Qf3 Qd7 21. Nf5 Bb4 22. Rac1 Rc4 23. Rcd1 Ba5 24. Ne3 Ra4 25. Nxd5 Rxa2 26. Nxf6 Qe6 27. Qd5 Rxf6 28. Qa8+ Qg8 29. Qxa7 Be1 30. Qe7 Bxf2+ 31. Kh1 Bh4 32. Qe4 Re6 33. Qb7 Ree2 34. Rg1 Qa8 35. Qxa8+ Rxa8 36. Rb1 Rb8 37. Rb5 Bf2 0-1

[Event "Keres Memorial 34th"]
[Site "New Westminster"]
[Date "2009.05.16"]
[Round "3"]
[White "Cadman, Charles"]
[Black "Kostin, Andrey"]
[Result "1-0"]
[WhiteElo "2332"]
[BlackElo "2063"]
[PlyCount "61"]
[EventDate "2009.05.15"]
[EventType "swiss"]
[EventRounds "7"]
[EventCountry "CAN"]
[SourceTitle "EXT 2011"]
[Source "ChessBase"]
[SourceDate "2010.11.26"]
[SourceVersion "1"]
[SourceVersionDate "2010.11.26"]
[SourceQuality "1"]

1. e4 e5 2. Nf3 Nc6 3. Bb5 a6 4. Ba4 Nf6 5. 0-0 Be7 6. Re1 b5 7. Bb3 d6 8. c3 0-0 9. h3 h6 10. d4 Re8 11. Nbd2 Bf8 12. Bc2 Bd7 13. Nf1 g6 14. Ng3 Bg7 15. Be3 Qe7 16. Qd2 Kh7 17. d5 Nd8 18. a4 Nb7 19. b4 c6 20. dxc6 Bxc6 21. Ra3 d5 22. exd5 Nxd5 23. axb5 axb5 24. Rxa8 Rxa8 25. Bd4 f6 26. Nh4 f5 27. Nxg6 Kxg6 28. Nxf5 Qg5 29. Nd6+ Kh5 30. Qe2+ Kh4 31. Nf5+ 1-0

[Event "Keres Memorial 33rd"]
[Site "Vancouver"]
[Date "2008.05.19"]
[Round "6"]
[White "Cadman, Charles"]
[Black "Davies, Noam"]
[Result "1-0"]
[WhiteElo "2332"]
[BlackElo "2210"]
[PlyCount "51"]
[EventDate "2008.05.16"]
[EventType "swiss"]
[EventRounds "7"]
[EventCountry "CAN"]
[SourceTitle "EXT 2011"]
[Source "ChessBase"]
[SourceDate "2010.11.26"]
[SourceVersion "1"]
[SourceVersionDate "2010.11.26"]
[SourceQuality "1"]

1. e4 c5 2. Nf3 e6 3. d4 cxd4 4. Nxd4 a6 5. Bd3 Nf6 6. 0-0 Qc7 7. Qe2 d6 8. f4 Nbd7 9. c4 e5 10. Nf3 Nc5 11. Nc3 Bg4 12. f5 Nxd3 13. Qxd3 Bxf3 14. Rxf3 Rc8 15. b3 Nd7 16. Nd5 Qc6 17. Be3 Be7 18. Kh1 Bd8 19. Rd1 Nc5 20. Bxc5 dxc5 21. Rg3 Kf8 22. Qe2 b5 23. Nc3 bxc4 24. Qxc4 Be7 25. Rgd3 h6 26. Rd7 1-0

[Event "Keres Memorial 33rd"]
[Site "Vancouver"]
[Date "2008.05.19"]
[Round "7"]
[White "Cheng, Bindi"]
[Black "Cadman, Charles"]
[Result "1-0"]
[WhiteElo "2360"]
[BlackElo "2332"]
[PlyCount "63"]
[EventDate "2008.05.16"]
[EventType "swiss"]
[EventRounds "7"]
[EventCountry "CAN"]
[SourceTitle "EXT 2011"]
[Source "ChessBase"]
[SourceDate "2010.11.26"]
[SourceVersion "1"]
[SourceVersionDate "2010.11.26"]
[SourceQuality "1"]

1. d4 Nf6 2. Bg5 c5 3. d5 Qb6 4. Nc3 Qxb2 5. Bd2 Qb6 6. e4 d6 7. Rb1 Qd8 8. Bb5+ Nbd7 9. f4 a6 10. Bxd7+ Qxd7 11. Nf3 g6 12. 0-0 Bg7 13. Qe1 0-0 14. a4 Qc7 15. h3 b6 16. Qh4 Bb7 17. f5 Rae8 18. Bh6 Nh5 19. Bxg7 Kxg7 20. Ne2 e6 21. g4 exf5 22. gxh5 h6 23. Nf4 fxe4 24. hxg6 fxg6 25. Nh2 g5 26. Qg3 Kh7 27. Ne6 Rxf1+ 28. Rxf1 Qe7 29. Ng4 Bxd5 30. Nf6+ Kh8 31. Nxe8 Bxe6 32. Qxd6 1-0